| 000 | 00367nam a2200133Ia 4500 | ||
|---|---|---|---|
| 008 | 231129s1996||||xx |||||||||||||| ||spa|| | ||
| 020 | _a958-9474-14-4 | ||
| 040 | _bspa | ||
| 082 | _a900.7 S678 | ||
| 245 | 0 | _aSociedad en construccion | |
| 260 | _c1996 | ||
| 264 | _aOxford University Press-Harla de Colombia | ||
| 942 |
_2ddc _cBKS |
||
| 999 |
_c24747 _d24747 |
||